| 000 | 00513nam a2200193Ia 4500 | ||
|---|---|---|---|
| 003 | LDD | ||
| 008 | 181029s9999 xx 000 0 und d | ||
| 020 |
_a415355915 _c170.00 |
||
| 040 | _cLDD | ||
| 100 | _aSmith,Greg | ||
| 245 | 0 |
_aErving Goffman _cGreg Smith |
|
| 260 |
_aLondon _bRoutledge _c2006 |
||
| 300 | _avi, 145p. | ||
| 365 | _b170.00 | ||
| 901 |
_a7997 _b28-11-2011 |
||
| 902 |
_a7324 _b03-12-2011 _cF _dSELECT _eFTF |
||
| 903 |
_aDiscount-15 _bReqst by : Jyoti Chawla |
||
| 942 |
_2ddc _cBK |
||
| 999 |
_c99657 _d99657 |
||